| 000 | 00811cab a22001935a 4500 | ||
|---|---|---|---|
| 001 | L150437 | ||
| 008 | 100714e20100205xxkd f 000 0 eng d | ||
| 035 | _a(Sirsi) u150437 | ||
| 041 | 0 | _aeng | |
| 100 | 1 | _aMoone, Brian | |
| 245 | 0 | 0 |
_aLead times _bApril-June 2010 |
| 260 | _c2010 | ||
| 490 | 0 |
_aBuilding _v275 (8637) 9 July 2010, 46-47(2) |
|
| 520 | _aAn increase in reported enquiries in many trades has not yet been converted to orders, but lead times are already creeping up in structural steel frames, blockwork, specialist joinery and soft floor finishes, compared with only one area last quarter; includes chart of lead time in weeks by product; data captured by Mace Business School. | ||
| 590 | _aKA | ||
| 651 | 4 |
_aUnited Kingdom _y |
|
| 690 | _aBUILT ENVIRONMENT-BUILDING ELEMENTS | ||
| 942 | _n0 | ||
| 999 |
_c82511 _d82511 |
||